| 000 | 00682nam a22002057a 4500 | ||
|---|---|---|---|
| 003 | MX-MxUPN | ||
| 005 | 20250320154941.0 | ||
| 008 | 250320s1978 |uk ||||r|||| 000 0 eng d | ||
| 040 |
_aMX-MxUPN _bspa |
||
| 041 | 0 | _aeng | |
| 050 | 4 |
_aPN5648 _bS77 1978 |
|
| 245 | 0 | 0 |
_aStrengthening the press in the third world / _cby the International Press Institute London |
| 260 |
_aLondon : _bUnesco, _c[1978?] |
||
| 300 | _a31 páginas | ||
| 490 | 0 |
_aInternational commision for the study of communication problems ; _v73 |
|
| 650 | 4 |
_aPrensa _zPaíses en desarrollo _956071 |
|
| 710 | 2 |
_aInternational Press Institute _956069 |
|
| 902 | _aVíctorGodínez/200325 | ||
| 942 |
_2lcc _cFOLL |
||
| 999 |
_c212921 _d212921 |
||